书目信息 |
| 题名: |
鲁迅和中国文化
|
|
| 作者: | 林非 著 | |
| 分册: | ||
| 出版信息: | 北京 学苑出版社 2000.01 |
|
| 页数: | 418页 | |
| 开本: | 32开 | |
| 丛书名: | 学苑学术论坛 | |
| 单 册: | ||
| 中图分类: | I210.96 | |
| 科图分类: | ||
| 主题词: | 文学--作品集--中国 | |
| 电子资源: | ||
| ISBN: | 7-5077-0227-8 | |
| 000 | 00646nam0 2200229 45 | |
| 001 | 0204221456 | |
| 005 | 20031219104054.8 | |
| 010 | @a7-5077-0227-8@dCNY25.00 | |
| 100 | @a20020422d2000 km y0chiy0120 ea | |
| 101 | 0 | @achi |
| 105 | @a z 000yy | |
| 200 | 1 | @a鲁迅和中国文化@ALu Xun He Zhong Guo Wen Hua@f林非著@FLin Fei Zhu |
| 210 | @a北京@c学苑出版社@d2000.01 | |
| 215 | @a418页@d32开 | |
| 225 | @a学苑学术论坛 | |
| 410 | @12001 @a学苑学术论坛 | |
| 600 | 0 | @a鲁迅@x关系@x文化@x专题研究 |
| 606 | 0 | @a文学@x作品集@x中国 |
| 690 | @aI210.96@v4 | |
| 701 | @a林非@4著 | |
| 801 | @aCN@bTSTC@c20020422 | |
| 905 | @b308768-770@dI210.96@e179@f3 | |
| 鲁迅和中国文化/林非著.-北京:学苑出版社,2000.01 |
| 418页;32开.-(学苑学术论坛) |
| ISBN 7-5077-0227-8:CNY25.00 |
| ● |
| 相关链接 |
|
|
|
|
正题名:鲁迅和中国文化
索取号:I210.96/179
 
预约/预借
| 序号 | 登录号 | 条形码 | 馆藏地/架位号 | 状态 | 备注 |
| 1 | 0308768 | 203087685 | 第二借阅区/ [索取号:I210.96/179] | 在馆 | |
| 2 | 0308769 | 203087694 | 第二借阅区/ [索取号:I210.96/179] | 在馆 | |
| 3 | 0308770 | 203087701 | 第一样本阅览室/ [索取号:I210.96/179] | 在馆 |